| 000 | 00524nam a2200157Ia 4500 | ||
|---|---|---|---|
| 008 | 230907s9999||||xx |||||||||||||| ||und|| | ||
| 082 |
_a621.1 _bARS |
||
| 100 |
_aArslan Mazhar (00000277667) _9116560 |
||
| 245 | 0 | _aPerformance Analysis of TiO2 Modified Co/MgAl2O4 Catalyst for Dry Reforming of Methane in a Fixed Bed Reactor / | |
| 260 |
_aUSPCAS-E, NUST, _bIslamabad : _c2021 |
||
| 300 | _a77 p. | ||
| 520 | _aTH-260 | ||
| 650 | _aMS-TEE Thesis MS Thesis | ||
| 700 |
_aDr Asif Hussain Khoja _9117190 |
||
| 942 |
_cTHE _2ddc |
||
| 999 |
_c601938 _d601938 |
||